Revista Derecho del Trabajo II - 7 : Extinción del contrato de trabajo /

Guardado en:
Formato: Libro
Idioma:Spanish
Publicado: Buenos Aires : Ministerio de Justicia y Derechos Humanos de la Nación, Sistema Argentino de Información Jurídica 2013 :
Etiquetas: Agregar Etiqueta
Sin Etiquetas, Sea el primero en etiquetar este registro!
LEADER 00557nam a22001455a 4500
001 DER.der012643
008 180615s2013####|||||||||||||||||#||spa||
005 20230629172931.0
245 1 0 |a Revista Derecho del Trabajo II - 7 :  |b Extinción del contrato de trabajo /  |c Fera, Mario S. 
260 |a Buenos Aires :  |b Ministerio de Justicia y Derechos Humanos de la Nación,  |c 2013 :  |b Sistema Argentino de Información Jurídica 
300 |a 291. 
020 |a 2250-7612 
700 1 |a Fera, Mario S.,  |e dir. 
700 1 |a Recalde, Héctor P.,  |e dir. 
859 |a DERECHO  |b BIB. DERECHO  |p 007492